000 01573nam a22001697a 4500
999 _c510415
_d510415
008 190816b ||||| |||| 00| 0 eng d
100 _aSagarzazu, Inaki
_98384
245 _aThe foreign policy rhetoric of populism: Chavez, oil, and anti-imperialism
260 _c2019
300 _ap.205-214.
520 _aPopulists are often identified based on their behavior, but the discursive element of their identities is also a frequently observed characteristic of this type of leader. We examine the determinants of populist foreign policy rhetoric in the case of Venezuela’s Hugo Chávez. We argue that a leftist populist leader such as Chávez will focus on anti-imperialist themes, and we consider two mechanisms that may indicate the conditions under which he will use them: diversion, which would typically be expected from a populist, and capacity. We use time-series analysis of rhetorical data scraped from the entire corpus of Aló Presidente—Chávez’s weekly television series—to test our hypotheses. The evidence supports the capacity mechanism, that Chávez is emboldened to use anti-imperialist rhetoric when the price of oil is high. His rhetoric, thus, matches his resources and ability to provide domestic and international goods to support his own identity as a protector and savior of the common people from domestic and global elites engaged in the imperialistic enterprise. - Reproduced.
650 _aPopulism
_98385
700 _aThies, Cameron G.
_98386
773 _aPolitical Research Quarterly
906 _aForeign policy
942 _cAR